00353nam a2200133 i 450000100060000000300090000600700030001500800410001810000210005924500530008026000430013330000220017685200210019834864ES-MaACLt|030211s1916 fr ||||1| fre d1 aBonnier, Gaston.10aEn Marge de la Grande Guerre / cGaston Bonnier. aParís : bErnest Flammarion, c1916. a346 p. ; c19 cm. aES-MaACLjG-4369